Detalles MARC
| 000 -CABECERA |
| campo de control de longitud fija |
00998nam a2200229 a 4500 |
| 001 - NÚMERO DE CONTROL |
| campo de control |
000035980 |
| 003 - IDENTIFICADOR DEL NÚMERO DE CONTROL |
| campo de control |
DO-SdBNP |
| 005 - FECHA Y HORA DE LA ÚLTIMA TRANSACCIÓN |
| campo de control |
20220328112116.0 |
| 007 - CAMPO FIJO DE DESCRIPCIÓN FÍSICA--INFORMACIÓN GENERAL |
| campo de control de longitud fija |
ta |
| 008 - DATOS DE LONGITUD FIJA--INFORMACIÓN GENERAL |
| campo de control de longitud fija |
111121s2003 dr ac 000 0 spa d |
| 040 ## - FUENTE DE LA CATALOGACIÓN |
| Centro catalogador/agencia de origen |
DO-SdBNP |
| Lengua de catalogación |
spa |
| Centro/agencia transcriptor |
BNPHU |
| 049 ## - FONDOS LOCALES (OCLC) |
| Fondos de biblioteca |
BNPD |
| 100 1# - ENTRADA PRINCIPAL--NOMBRE DE PERSONA |
| Nombre de persona |
López Belando, Adolfo |
| 9 (RLIN) |
62010 |
| 245 13 - MENCIÓN DE TÍTULO |
| Título |
El arte en la penumbra : |
| Resto del título |
pictografías y petroglifos en las cavernas del Parque Nacional del Este, República Dominicana = Art in th shadows : pictographs and petroglyphs in the caves of the National Park of the East Dominican Republic / |
| Mención de responsabilidad, etc. |
Adolfo López Belando ; [traducción Donna Hics de Pérez. |
| 246 13 - FORMA VARIANTE DE TÍTULO |
| Título propio/Titulo breve |
Art in th shadows : |
| Resto del título |
pictographs and petroglyphs in the caves of the National Park of the East Dominican Republic |
| 260 ## - PUBLICACIÓN, DISTRIBUCIÓN, ETC. |
| Lugar de publicación, distribución, etc. |
Santo Domingo : |
| Nombre del editor, distribuidor, etc. |
BHD, |
| Fecha de publicación, distribución, etc. |
2003. |
| 300 ## - DESCRIPCIÓN FÍSICA |
| Extensión |
359 p. : |
| Otras características físicas |
il., map. ; |
| Dimensiones |
30 cm. |
| 504 ## - NOTA DE BIBLIOGRAFÍA, ETC. |
| Nota de bibliografía, etc. |
Bibliografía : p. 352-359 |
| 590 ## - NOTA LOCAL (RLIN) |
| Nota local |
Inventariado, 2022/BT |
| 700 1# - PUNTO DE ACCESO ADICIONAL--NOMBRE DE PERSONA |
| Nombre de persona |
Hics de Pérez, Donna Hics, |
| Término indicativo de función/relación |
tr. |
| 9 (RLIN) |
62011 |
| 942 ## - ELEMENTOS DE PUNTO DE ACCESO ADICIONAL (KOHA) |
| Fuente del sistema de clasificación o colocación |
Dewey Decimal Classification |
| Tipo de ítem Koha |
Libro |